Countries with the Most Venezuelans - Statistics

General Stats
  • This quiz has been taken 227 times
  • The average score is 18 of 20
Answer Stats
Population of Venezuelans Country % Correct
1,626,000 Colombia
100%
418,366 United States
99%
130,000 Argentina
97%
288,223 Chile
97%
95,000 Mexico
97%
85,000 Brazil
95%
105,000 Canada
95%
31,568,179 Venezuela
95%
220,000 Ecuador
94%
728,120-500,000 Peru
94%
274,000 Spain
94%
30,000 France
88%
94,000 Panama
88%
10,000 Uruguay
88%
15,000 United Kingdom
86%
20,000 Germany
81%
15,000 Cuba
78%
25,872 Dominican Republic
70%
10,000 Australia
69%
40,000 Trinidad and Tobago
55%
No matching quizzes found
Score Distribution
Percent of People with Each Score
Percentile by Number Answered
Your Score History
You have not taken this quiz